000 00434nam a2200121Ia 4500
008 220620s9999||||xx |||||||||||||| ||und||
100 _aMuhammad Akhyar Farrukh
245 0 _aAdvanced Aspects of Spectroscopy
546 _aEnglish[eng]
650 _aPhysical Sciences||Engineering and Technology||Optoelectronics||Physics||Optics and Lasers
856 _uhttps://www.intechopen.com/books/advanced-aspects-of-spectroscopy
942 _cEB
999 _c22377
_d22377